000 00689nam a2200265Ia 4500
005 20260121170308.0
008 008 260114s9999 xx 000 0 eng d
020 _a9783658195670
037 _aEBOOK
040 _aCRL
040 _beng
040 _cCRL
041 _2eng
041 _aeng
084 _qCRL
100 _aOlga Zlatkin-Troitschanskaia, Gabriel Wittum, Andreas Dengel
_91062172
245 0 _aPositive Learning in the Age of Information
260 _bSpringer
260 _bSpringer
260 _c2018
856 _uhttps://link.springer.com/openurl?genre=book&isbn=978-3-658-19567-0
942 _cEBOOK
999 _c1627901
_d1627901